Top 50 Greatest NBA Players Ever - Statistics

General Stats
  • This quiz has been taken 308 times
    251 since last reset
  • The average score is 34 of 50
Answer Stats
Hint Answer % Correct
1 Michael Jordan
100%
2 LeBron James
98%
3 Kareem Abdul-Jabbar
95%
7 Kobe Bryant
95%
5 Shaquille O'neal
94%
8 Stephen Curry
94%
10 Larry Bird
90%
4 Tim Duncan
90%
6 Magic Johnson
89%
9 Wilt Chamberlain
88%
16 Kevin Durant
87%
18 Hakeem Olajuwon
86%
26 Jerry West
86%
12 Bill Russell
83%
49 Giannis Antetokounmpo
82%
17 Karl Malone
81%
50 Moses Malone
81%
48 Nikola Jokic
80%
38 James Harden
79%
19 Scottie Pippen
76%
11 Dirk Nowitzki
75%
14 Julius Erving
75%
46 Kyrie Irving
75%
30 Russell Westbrook
71%
23 Charles Barkley
69%
21 Dwyane Wade
69%
15 John Stockton
68%
13 Allen Iverson
67%
24 Steve Nash
67%
34 Kevin Garnett
66%
41 Chris Paul
65%
20 Oscar Robertson
65%
39 Patrick Ewing
58%
25 Ray Allen
58%
33 Bob Cousy
57%
44 Isaiah Thomas
57%
28 Jason Kidd
54%
35 Clyde Drexler
51%
37 Paul Pierce
51%
42 Bob Pettit
49%
32 Carmelo Anthony
49%
36 John Havlicek
45%
31 George Mikan
42%
47 James Worthy
42%
29 Kevin Mchale
42%
43 Dominique Wilkins
38%
45 Robert Parish
36%
27 Bill Walton
34%
22 Rick Barry
34%
40 Pete Maravich
28%
No matching quizzes found
Score Distribution
Percent of People with Each Score
Percentile by Number Answered
Your Score History
You have not taken this quiz since the last reset